Sports Quiz

Random Sports or Basketball Quiz
Score 0/14 Timer 02:00
0 Plays Today
Hint Answer % Correct
Forward #31Georges Niang
98.6%
Guard #11Monte Morris
91.9%
Guard #21Matt Thomas
87.8%
Forward #3Melvin Ejim
87.8%
Guard #50DeAndre Kane
86.5%
Guard #15Naz Long
85.1%
Forward #42Daniel Edozie
58.1%
Hint Answer % Correct
Forward #22Dustin Hogue
58.1%
Forward #2Abdel Nader
45.9%
Center #21Percy Gibson
41.9%
Guard #4Sherron Dorsey-Walker
40.5%
Forward #33Tyler Ellerman
40.5%
Guard #12Kourtlin Jackson
28.4%
Guard #23K.J. Bluford
20.3%

You're not logged in!

Compare scores with friends on all Sporcle quizzes.
OR
Log In

Sporcle TV

Today on Sporcle TV


Watch our educational content, quiz creation guides, and fun videos on Sporcle TV.

Show Comments

Extras

Top Quizzes Today


Score Distribution

Paid Content

Your Account Isn't Verified!

In order to create a playlist on Sporcle, you need to verify the email address you used during registration. Go to your Sporcle Settings to finish the process.

Report this User

Report this user for behavior that violates our Community Guidelines.

Details: